Metallica Lyrics – #22: Disposable Heroes - Statistics

General Stats
  • This quiz has been taken 43 times
  • The average score is 153 of 219
Answer Stats
Answer % Correct
do
100%
say
100%
say,
100%
a
94%
he
94%
kill
94%
Kill,
94%
kill,
94%
No
94%
no
94%
not
94%
now,
94%
now
94%
of
94%
only
94%
served
94%
son,
94%
the
94%
to
94%
we
94%
will
94%
you
94%
You
94%
21,
88%
back
88%
Back
88%
boy,
88%
but
88%
care,
88%
clay,
88%
I
88%
made
88%
soldier
88%
Soldier
88%
well
88%
what
88%
an
81%
as
81%
bred
81%
Bred
81%
Death,
81%
die
81%
empty
81%
front
81%
just
81%
see,
81%
see
81%
shell
81%
us
81%
blind
75%
coward,
75%
fields
75%
fields,
75%
here
75%
here,
75%
man,
75%
man
75%
one
75%
pretend
75%
when
75%
away
69%
Bodies
69%
born
69%
gun
69%
have
69%
killing
69%
must
69%
servant
69%
servant,
69%
take
69%
was
69%
all
63%
am
63%
dying?
63%
dying
63%
end
63%
fear
63%
fill
63%
Finished
63%
for
63%
live
63%
play
63%
Why
63%
be,
56%
Hell,
56%
hell
56%
is
56%
it
56%
my
56%
nothing
56%
Running
56%
said
56%
them
56%
yours
56%
fall
50%
he's
50%
hungry
50%
Lie,
50%
lying
50%
me
50%
should
50%
through
50%
'til
50%
with
50%
alone
44%
day
44%
greetings,
44%
heroes
44%
More
44%
more
44%
that
44%
by
38%
clench
38%
does
38%
done
38%
ends
38%
fire
38%
friend,
38%
Left
38%
machine
38%
never
38%
off
38%
slaughter
38%
stripes
38%
Victim
38%
Barking
31%
clock
31%
get
31%
Life
31%
Looking
31%
realize,
31%
somehow
31%
ticks,
31%
used
31%
glory
25%
molded
25%
Sounding
25%
could
19%
Had
19%
out
19%
seeker
19%
trends
19%
before
13%
birth,
13%
chance
13%
myself,
13%
bare,
6%
planned
6%
No matching quizzes found
Score Distribution
Percent of People with Each Score
Percentile by Number Answered
Your Score History
You have not taken this quiz